M is for modifications. (Record no. 60892)

MARC details
000 -LEADER
fixed length control field 00986cam a2200205 4500
001 - CONTROL NUMBER
control field ABS61187
008 - FIXED-LENGTH DATA ELEMENTS--GENERAL INFORMATION
fixed length control field 000000n1999 000 0 eng u
035 ## - SYSTEM CONTROL NUMBER
System control number (Sirsi) u101779
100 ## - MAIN ENTRY--PERSONAL NAME
Personal name Penton, J.
245 ## - TITLE STATEMENT
Title M is for modifications.
260 ## - PUBLICATION, DISTRIBUTION, ETC.
Date of publication, distribution, etc. 1999
490 ## - SERIES STATEMENT
Series statement Architects' Journal
Volume/sequential designation 210(9) 9 September 1999, 47(1)
520 ## - SUMMARY, ETC.
Summary, etc. Gives an overview of the new Part M of the Building Regulations, Access and facilities for disabled people, which comes into force on 25 October 1999. The Disability Discrimination Act s19 also comes into force in October 1999, imposing a duty to ensure rights of access for disabled people on all 'providers of goods, facilities, services and premises'.
650 ## - SUBJECT ADDED ENTRY--TOPICAL TERM
Topical term or geographic name entry element MANAGEMENT-BUSINESS MANAGEMENT-DISCRIMINATION-DISABILITY DISCRIMINATION-ACCESSIBILITY
650 ## - SUBJECT ADDED ENTRY--TOPICAL TERM
Topical term or geographic name entry element BUILDING REGULATIONS
9 (RLIN) 6224
650 ## - SUBJECT ADDED ENTRY--TOPICAL TERM
Topical term or geographic name entry element DISABILITY DISCRIMINATION ACT
650 ## - SUBJECT ADDED ENTRY--TOPICAL TERM
Topical term or geographic name entry element APPROVED DOCUMENTS
690 ## - LOCAL SUBJECT ADDED ENTRY--TOPICAL TERM (OCLC, RLIN)
Topical term or geographic name as entry element BUILDING AND CONSTRUCTION-REGULATIONS
942 ## - ADDED ENTRY ELEMENTS (KOHA)
Suppress in OPAC 0
Holdings
Withdrawn status Lost status Source of classification or shelving scheme Damaged status Not for loan Home library Current library Shelving location Date acquired Total Checkouts Full call number Barcode Date last seen Copy number Price effective from Koha item type
    Dewey Decimal Classification     London London Journal article 11/11/1999   ABS61187 101779-1001 06/08/2019 1 06/08/2019 Journal article